| 000 | 01396nam0a2200373 4500 | ||
|---|---|---|---|
| 001 | RU\NLR\bibl\531647 | ||
| 005 | 20250609151506.0 | ||
| 010 | _a5-354-00634-1 | ||
| 021 |
_aRU _b2004-19061 _9972 |
||
| 035 | _a(NLR Aleph) 000523953 | ||
| 090 |
_a1310686 _c1310686 |
||
| 100 | _a20040621d2004 |||y0rusy50 ca | ||
| 101 | 1 |
_arus _ceng |
|
| 102 | _aRU | ||
| 105 | _aa ||||||||| | ||
| 200 | 1 |
_aКатегории частных и теория гомотопий _dCalculus of fractions and homotopy theory _fП. Габриель, М. Цисман _gПер. с англ. [и предисл.] М.М. Постникова _zeng |
|
| 205 | _a2-е изд., стер. | ||
| 210 |
_aМ. _cУРСС _cЕдиториал УРСС _d2004 |
||
| 215 |
_a295 с. _cил. _d22 |
||
| 300 | _aАвт. также на англ. яз.: Р. Gabriel, M. Zisman | ||
| 313 | _aПо иностр.изданию | ||
| 320 | _aБиблиогр.: с. 287-289 | ||
| 320 | _aПредм. указ.: с. 290-293 | ||
| 510 | 1 |
_6z55790 _aCalculus of fractions and homotopy theory _zeng |
|
| 606 | 0 |
_aГомотопия _91309716 _3RU\NLR\auth\66226501 |
|
| 686 | _aВ182.4 | ||
| 700 | 1 |
_aГабриель _bП. _4070 |
|
| 701 | 1 |
_aЦисман _bМ. _4070 |
|
| 790 | 1 |
_6z55 _aGabriel _bP. _4070 |
|
| 790 | 1 |
_6z55 _aZisman _bM. _4070 |
|
| 801 | 0 |
_aRU _bNLR _c20040621 _gPSBO |
|
| 801 | 1 |
_aRU _bNLR _c20040621 |
|
| 942 | _cBOOK | ||
| 980 | _aNB | ||